00898nam a2200241 i 4500003000900000005001700009007000300026008004100029020001800070040003000088082001400118100003200132245014400164264004900308300003600357336002700393337003300420338002800453490003600481500006900517504003100586700003900617DO-SdBNP20240827154237.0ta240827s2011 py c 000 spa d a9789995311278 aDO-SdBNPbspacBNPHUerda 222bR484G1 aRibeiro, Anad1955-eautora10aGaspar Rodríguez de Francia :bel hombre de la independencia y el aislamiento paraguayo /cAna Ribeiro ; prólogo Herib Caballero Campos 1aAsunción, Paraguay :bEl Lector, c[2011.] a138 páginasbretratosc19 cm. 2rdacontentatextobtxt 2rdamediaasin mediaciónbn 2rdacarrieravolumenbnc1 aProtagonistas de la historiav1 aIncluye datos biografícos de la autora en la página 137-138. aBibliografía p: 131-136.1 aCaballero Campos, Heribeprólogo